|
|
|
|
| LEADER |
00000cam a2200000 4500 |
| 001 |
vtls011755969 |
| 003 |
SK-MaSNL |
| 005 |
20260301183208.0 |
| 008 |
200104s2017 xo frnp 000 0dslo |
| 015 |
|
|
|a SNBA2018/06
|
| 020 |
|
|
|a 9788080757915
|q (brožované)
|
| 035 |
|
|
|a urn:nbn:sk:snk-am00d37z
|
| 035 |
|
|
|a urn:nbn:sk:snk-am3hk56
|
| 035 |
|
|
|a AD31C5D5-D221-4C43-9908-9A3F18D2AF12
|
| 040 |
|
|
|a SNK
|b slo
|c SNK
|e rda
|
| 041 |
0 |
|
|a slo
|
| 044 |
|
|
|a xo
|c SK
|
| 072 |
|
7 |
|a 374
|x Výchova a vzdelávanie dospelých. Mimoškolská výchova a vzdelávanie
|2 konspekt
|
| 080 |
|
|
|a 329.055
|2 2011
|
| 080 |
|
|
|a 351.75:329.055
|2 2011
|
| 080 |
|
|
|a 364.4
|2 2011
|
| 080 |
|
|
|a 343.85
|2 2011
|
| 080 |
|
|
|a 329.13
|2 2011
|
| 080 |
|
|
|a 373.5.011.3-052
|2 2011
|
| 080 |
|
|
|a (075)
|2 2011
|
| 080 |
|
|
|a (072)
|2 2011
|
| 100 |
1 |
|
|a Struhár, Pavol,
|d 1983-
|4 aut
|4 edt
|9 178511
|
| 245 |
1 |
0 |
|a Prevencia nenávistných a extrémistických prejavov v školskom prostredí
|b učebnica pre pedagógov stredných škôl
|c Pavol Struhár (ed.) ; autori: Pavol Struhár, Ivan Moravčík, Marián Bušša
|
| 250 |
|
|
|a 1. vydanie
|
| 264 |
|
1 |
|a Trenčín
|b Katedra politológie Trenčianskej univerzity Alexandra Dubčeka v Trenčíne
|
| 300 |
|
|
|a 121 strán
|c 25 cm
|
| 336 |
|
|
|a text
|b txt
|2 rdacontent
|
| 337 |
|
|
|a bez média
|b n
|2 rdamedia
|
| 338 |
|
|
|a zväzok
|b nc
|2 rdacarrier
|
| 500 |
|
|
|a Obsahuje biografické údaje o autoroch na zadnej obálke
|
| 504 |
|
|
|a Obsahuje bibliografiu
|
| 650 |
0 |
7 |
|a extrémizmus
|2 SNKPH
|9 4817
|
| 650 |
0 |
7 |
|a boj proti extrémizmu
|2 SNKPH
|9 92933
|
| 650 |
0 |
7 |
|a práca s mládežou
|2 SNKPH
|9 15157
|
| 650 |
0 |
7 |
|a prevencia kriminality
|2 SNKPH
|9 2696
|
| 650 |
0 |
7 |
|a Extremism
|2 SNKPHeng
|9 202497
|
| 650 |
0 |
7 |
|a Extremism control
|2 SNKPHeng
|9 343672
|
| 650 |
0 |
7 |
|a Work with youth
|2 SNKPHeng
|9 275710
|
| 650 |
0 |
7 |
|a radikalizmus
|2 SNKPH
|9 4823
|
| 650 |
0 |
7 |
|a Radicalism
|2 SNKPHeng
|9 341342
|
| 650 |
0 |
7 |
|a stredoškolskí študenti
|2 SNKPH
|9 3980
|
| 650 |
0 |
7 |
|a Crime prevention
|2 SNKPHeng
|9 317084
|
| 650 |
0 |
7 |
|a Secondary school students
|2 SNKPHeng
|9 325071
|
| 650 |
0 |
7 |
|a Methodological manuals
|2 SNKPHeng
|9 555755
|
| 655 |
|
7 |
|a učebnice
|2 SNKPH
|9 22521
|
| 655 |
|
7 |
|a Textbooks
|2 SNKPHeng
|9 276731
|
| 655 |
|
7 |
|a metodické príručky
|2 SNKPH
|9 70250
|
| 700 |
1 |
|
|a Moravčík, Ivan,
|d 1981-
|4 aut
|9 178512
|
| 700 |
1 |
|
|a Bušša, Marián,
|d 1984-
|4 aut
|9 178513
|
| 710 |
2 |
|
|a Trenčianska univerzita Alexandra Dubčeka v Trenčíne.
|b Katedra politológie
|4 pbl
|9 152897
|
| 919 |
|
|
|a 978-80-8075-791-5
|
| 958 |
|
|
|a NB
|
| 958 |
|
|
|a BX
|
| 958 |
|
|
|a SP
|
| 999 |
|
|
|c 856129
|d 858059
|
| 952 |
|
|
|a SNK
|b SNK
|y PREZ
|7 0
|p 17A1330494
|o snkSC 179446
|i snk2018/10357
|8 0
|0 0
|1 0
|4 0
|d 2018-05-14
|f 1
|l 0
|r 2026-02-24 04:56:39
|w 2026-02-24
|
| 952 |
|
|
|a SNK
|b SNK
|y VYP
|7 0
|p 17A1330495
|o snkSC 179446 D1
|i snk2018/10358
|8 0
|0 0
|1 0
|4 0
|d 2018-05-14
|l 0
|r 2026-02-24 04:56:39
|w 2026-02-24
|